Musical Anagrams Quiz Stats

Quiz Updated Jul 3, 2017

Challenge
Share
Tweet
Embed
Score 0/30 Timer 06:00
4 Plays Today
Mixed Word Answer % Correct
Artists who covered The BeatlesJIMI HENDRIX
96.2%
Classical music composersMOZART
93.7%
Classical music composersBEETHOVEN
92.5%
Artists who covered The BeatlesDAVID BOWIE
91.9%
Classical music composersBACH
91.5%
One-word rock bandsWEEZER
90.3%
Parts of a standard acoustic guitarSTRINGS
89.1%
Parts of a standard acoustic guitarFRETS
88.2%
Classical music composersHANDEL
84.7%
CMA's Entertainers of the YearTIM MCGRAW
84.4%
Artists who covered The BeatlesJOE COCKER
84.3%
Artists who covered The BeatlesFRANK SINATRA
82.7%
Parts of a standard acoustic guitarSOUND HOLE
81.8%
1990s Billboard #1 singlesVOGUE
79.2%
Parts of a standard acoustic guitarBRIDGE
78.9%
Mixed Word Answer % Correct
1990s Billboard #1 singlesBELIEVE
78.1%
Artists who covered The BeatlesTRAVIS
76.7%
CMA's Entertainers of the YearSHANIA TWAIN
76.7%
Classical music composersCHOPIN
75.9%
Parts of a standard acoustic guitarTUNING PEGS
75%
1990s Billboard #1 singlesMACARENA
73.4%
CMA's Entertainers of the YearKEITH URBAN
68.6%
CMA's Entertainers of the YearBRAD PAISLEY
67.6%
1990s Billboard #1 singlesWANNABE
61.2%
CMA's Entertainers of the YearDOLLY PARTON
56.6%
One-word rock bandsNICKELBACK
55.3%
One-word rock bandsGARBAGE
55.1%
One-word rock bandsGENESIS
42.9%
1990s Billboard #1 singlesSMOOTH
36.1%
One-word rock bandsRADIOHEAD
34.9%

You're not logged in!

Compare scores with friends on all Sporcle quizzes.
Sign Up with Email
OR
Log In

You Might Also Like...

Show Comments

Extras

Top Quizzes Today


Score Distribution

Your Account Isn't Verified!

In order to create a playlist on Sporcle, you need to verify the email address you used during registration. Go to your Sporcle Settings to finish the process.